00894nam a2200205 i 4500001000700000003000900007005001700016008004100033080001900074100005100093245010900144260013700253300002100390502004300411650002400454710003600478852002700514999001900541952012800560180345ES-MaACL20230906221052.0120530s1975 sp |||| | spa d a616.155(043.2)1 aFernández-Huerta García, José M.915018410aContribución al estudio del quimiotectismo leucocitario / cpor José M. Fernández-Huerta García. aBarcelona : bUniversidad de Barcelona. Secretariado de Publicaciones, Intercambio Científico y Extensión Universitario, c1975. a22 p. ; c24 cm. aTesis-Universidad Barcelona (Extracto) 4aLeucocitos.91363942 aUniversidad de Barcelona.97141 aES-MaACLjE-15361(172) c180345d180345 00104070aATENEOMbATENEOMcDEPO2d2012-05-30eDONl0oE-15361(172)p1189501r2023-02-23 00:00:00w2023-02-23yMONOGRAFIA